| 000 | 01222nam a2200229Ia 4500 | ||
|---|---|---|---|
| 003 | Ost | ||
| 005 | 20260507075437.0 | ||
| 008 | 260507s9999||||xx |||||||||||||| ||und|| | ||
| 040 | _cfsecg | ||
| 041 | _aara | ||
| 082 | _a300 | ||
| 100 |
_aشعباني، اسماعيل _eمؤلف |
||
| 245 | 0 |
_aمنهجية البحث في العلوم الاجتماعية / _c اسماعيل شعباني |
|
| 260 |
_aالجزائر: _b[دون ناشر], _c2005 |
||
| 300 |
_a110 صفحة؛ _bإيضاحات ؛ _c24 سم |
||
| 504 | _aببليوغرافيا: ص.109-112 ملاحق ص.106 | ||
| 520 | _aأنواح البحوث العلمية، مرحلة التفكير في الموضوع، مقدمة البحث، كيفية تقديم مشروع البحث (الاشكالية)، مناهج البحث، كتابة الهوامش والتوثيق، طريقة اخرى للتوثيق والتهميش، طرق كتابة مصادر الجداول والأشكال، كلمة اخيرة عن التهميش، كتابة المراجع، الصورة النهائية للبحث/ المناقشة | ||
| 653 | _aالبحوث | ||
| 653 | _aالعلوم الاجتماعية | ||
| 653 | _aطرق البحث | ||
| 942 | _cكتاب | ||
| 999 |
_c44547 _d44547 |
||